Biggest Cities in New Zealand on a Map - Statistics

General Stats
  • This quiz has been taken 346 times
  • The average score is 6 of 10
Answers on the Map
Answers color-coded by a green-red scale on the quiz's map according to % correct below.
 
Answer Stats
Population City % Correct
1,470,100 Auckland
99%
215,100 Wellington
99%
383,200 Christchurch
98%
106,200 Dunedin
69%
176,500 Hamilton
69%
151,300 Tauranga
50%
66,300 Napier
42%
81,500 Palmerston North
41%
110,700 Lower Hutt
31%
59,800 Hibiscus Coast
11%
No matching quizzes found
Score Distribution
Percent of People with Each Score
Percentile by Number Answered
Your Score History
You have not taken this quiz